101 ejercicios defensivos de baloncesto

Gorde:
Xehetasun bibliografikoak
Egile Nagusiak: Karl, George (Egilea), Stotts, Terry (Egilea), Johnson, Price (Egilea)
Formatua: Liburua
Hizkuntza:gaztelania
Argitaratua: Barcelona Paidotribo 2002
Gaiak:
Etiketak: Etiketa erantsi
Etiketarik gabe, Izan zaitez lehena erregistro honi etiketa jartzen!

MARC

LEADER 00000nam a2200000 a 4500
001 UCM2968
003 CL-VaPUC
008 020621e20020000SP |||||||||||||||||spa|d
082 0 4 |a 796.323  |b KAR  |2 21 
100 |a Karl, George  |e author  |9 551939 
700 0 |a Stotts, Terry  |e author  |9 469752 
700 0 |a Johnson, Price  |e author  |9 469753 
245 1 0 |a 101 ejercicios defensivos de baloncesto 
300 |a 142 p 
942 |c BK 
945 |d 20020621 00:00:00  |a cmena 
260 |a Barcelona  |b Paidotribo  |c 2002 
650 7 |a JUEGOS DE PELOTA  |2 CL-VaPUC  |9 340284 
650 7 |a BASQUETBOL  |2 CL-VaPUC  |9 469754 
650 7 |a ENTRENAMIENTO ATLETICO  |2 CL-VaPUC  |9 469755 
583 |a last modification  |c 20020621 00:00:00  |k Rodrigo Vera 
999 |c 300577  |d 300575 
952 |0 0  |1 0  |4 0  |6 796_323000000000000_KAR_2002  |7 0  |8 A  |9 358503  |a BIBEDU  |b BIBEDU  |d 2019-11-21  |i 3867447  |o 796.323 KAR 2002  |p 3867447  |r 2023-08-09  |w 2019-11-21  |y BK  |k EFI